Quantum mechanics / (Record no. 62177)

MARC details
000 -LEADER
fixed length control field 00803nam a22002417a 4500
003 - CONTROL NUMBER IDENTIFIER
control field dpl
005 - DATE AND TIME OF LATEST TRANSACTION
control field 20120207133034.0
008 - FIXED-LENGTH DATA ELEMENTS--GENERAL INFORMATION
fixed length control field 120207t xxu||||| |||| 00| 0 eng d
010 ## - LIBRARY OF CONGRESS CONTROL NUMBER
LC control number B-61355
020 ## - INTERNATIONAL STANDARD BOOK NUMBER
International Standard Book Number 8120318870
Terms of availability 225.00
035 ## - SYSTEM CONTROL NUMBER
System control number B-61355
037 ## - SOURCE OF ACQUISITION
Source of stock number/acquisition DBAD / PUB
040 ## - CATALOGING SOURCE
Original cataloging agency DPL
Language of cataloging ENG
Transcribing agency 0
082 14 - DEWEY DECIMAL CLASSIFICATION NUMBER
Classification number 005.3
100 ## - MAIN ENTRY--PERSONAL NAME
Personal name Peebles, P.J.E.
9 (RLIN) 41085
245 1# - TITLE STATEMENT
Title Quantum mechanics /
Statement of responsibility, etc by P.J.E. Peebles
260 ## - PUBLICATION, DISTRIBUTION, ETC. (IMPRINT)
Place of publication, distribution, etc New Delhi
Name of publisher, distributor, etc Prentice-Hall of India
Date of publication, distribution, etc 2001
270 ## - ADDRESS
Address M-97, Connaught Circus,
City New Delhi
Postal code 110 001
300 ## - PHYSICAL DESCRIPTION
Extent xiv, 419p.
Dimensions 20cms
500 ## - GENERAL NOTE
General note Includes index
942 ## - ADDED ENTRY ELEMENTS (KOHA)
Institution code [OBSOLETE] dpl
Koha item type English Books
Call number prefix 530.12 / JAI
Source of classification or shelving scheme Dewey Decimal Classification
Classification part 005.3
Call number suffix PEE
Holdings
Withdrawn status Lost status Source of classification or shelving scheme Damaged status Not for loan Collection code Home library Current library Shelving location Date acquired Cost, normal purchase price Total Checkouts Full call number Barcode Date last seen Cost, replacement price Price effective from Koha item type
    Dewey Decimal Classification     Non-fiction Sarojini Nagar Sarojini Nagar General Stacks 07/02/2012 225.00   005.3 PEE B-061355 07/02/2012 225.00 07/02/2012 English Books

© Delhi Public Library
Hit Counter
free hit counter